<?xml version="1.0" encoding="UTF-8"?>
<record
    xmlns:xsi="http://www.w3.org/2001/XMLSchema-instance"
    xsi:schemaLocation="http://www.loc.gov/MARC21/slim http://www.loc.gov/standards/marcxml/schema/MARC21slim.xsd"
    xmlns="http://www.loc.gov/MARC21/slim">

  <leader>01031nam a2200229 a 4500</leader>
  <controlfield tag="003">DO-SdBNP</controlfield>
  <controlfield tag="005">20250220100106.0</controlfield>
  <controlfield tag="007">ta</controlfield>
  <controlfield tag="008">211015e2017    dr ac||er|||| 001 0 spa d</controlfield>
  <datafield tag="020" ind1=" " ind2=" ">
    <subfield code="a">9789945908602</subfield>
  </datafield>
  <datafield tag="040" ind1=" " ind2=" ">
    <subfield code="a">DO-SdBNP</subfield>
    <subfield code="b">spa</subfield>
    <subfield code="c">BNPHU</subfield>
  </datafield>
  <datafield tag="082" ind1=" " ind2="4">
    <subfield code="2">22</subfield>
    <subfield code="b">F727p</subfield>
  </datafield>
  <datafield tag="111" ind1=" " ind2=" ">
    <subfield code="a">Foro  Propuesta Multisectorial en G&#xE9;nero y Migraci&#xF3;n: Eliminaci&#xF3;n de toda Violencia contra la Mujer</subfield>
    <subfield code="n">(1 :</subfield>
    <subfield code="d">(2016 :</subfield>
    <subfield code="c">Santo Domingo, Rep&#xFA;blica Dominicana)</subfield>
    <subfield code="9">80240</subfield>
  </datafield>
  <datafield tag="245" ind1="1" ind2="0">
    <subfield code="a">[Memoria del]  Foro Propuesta multisectorial en g&#xE9;nero y migraci&#xF3;n: eliminaci&#xF3;n de toda violencia contra la mujer /</subfield>
    <subfield code="c">edici&#xF3;n, Alicia Delgado Mestres.</subfield>
  </datafield>
  <datafield tag="260" ind1=" " ind2=" ">
    <subfield code="a">Santo Domingo :</subfield>
    <subfield code="b">Ministerio de Interior y Polic&#xED;a ;</subfield>
    <subfield code="b">INMRD,</subfield>
    <subfield code="c">2017</subfield>
  </datafield>
  <datafield tag="300" ind1=" " ind2=" ">
    <subfield code="a">84 p. :</subfield>
    <subfield code="b">il., ret.</subfield>
    <subfield code="c">23 cm.</subfield>
  </datafield>
  <datafield tag="590" ind1=" " ind2=" ">
    <subfield code="a">Inventariado, 2021/ MF</subfield>
  </datafield>
  <datafield tag="700" ind1="1" ind2=" ">
    <subfield code="9">73478</subfield>
    <subfield code="a">Delgado Mestres, Alicia</subfield>
  </datafield>
  <datafield tag="710" ind1="1" ind2=" ">
    <subfield code="a">Rep&#xFA;blica Dominicana.</subfield>
    <subfield code="b">Secretar&#xED;a de Estado de lo Interior y Polic&#xED;a.</subfield>
    <subfield code="9">80241</subfield>
  </datafield>
  <datafield tag="710" ind1="1" ind2=" ">
    <subfield code="a"> Instituto Nacional de Migraci&#xF3;n (Rep&#xFA;blica Dominicana)</subfield>
    <subfield code="9">75397</subfield>
  </datafield>
  <datafield tag="942" ind1=" " ind2=" ">
    <subfield code="2">ddc</subfield>
    <subfield code="c">LBS1</subfield>
  </datafield>
  <datafield tag="952" ind1=" " ind2=" ">
    <subfield code="0">0</subfield>
    <subfield code="1">0</subfield>
    <subfield code="2">ddc</subfield>
    <subfield code="5">1</subfield>
    <subfield code="7">0</subfield>
    <subfield code="8">PD</subfield>
    <subfield code="a">BNPHU</subfield>
    <subfield code="b">PD</subfield>
    <subfield code="c">HD</subfield>
    <subfield code="d">2017-09-12</subfield>
    <subfield code="e">Donado por Ministerio de Interior y Polic&#xED;a</subfield>
    <subfield code="l">0</subfield>
    <subfield code="o">R426p</subfield>
    <subfield code="p">2021-27407</subfield>
    <subfield code="r">2021-10-15</subfield>
    <subfield code="w">2021-10-15</subfield>
    <subfield code="y">LFPD</subfield>
  </datafield>
  <datafield tag="952" ind1=" " ind2=" ">
    <subfield code="0">0</subfield>
    <subfield code="1">0</subfield>
    <subfield code="2">ddc</subfield>
    <subfield code="5">1</subfield>
    <subfield code="7">0</subfield>
    <subfield code="8">PD</subfield>
    <subfield code="a">BNPHU</subfield>
    <subfield code="b">PD</subfield>
    <subfield code="c">HD</subfield>
    <subfield code="d">2017-09-12</subfield>
    <subfield code="e">Donado por Ministerio de Interior y Polic&#xED;a</subfield>
    <subfield code="l">0</subfield>
    <subfield code="o">R426p</subfield>
    <subfield code="p">2021-27408</subfield>
    <subfield code="r">2021-10-15</subfield>
    <subfield code="t">e.2</subfield>
    <subfield code="w">2021-10-15</subfield>
    <subfield code="y">LFPD</subfield>
  </datafield>
  <datafield tag="952" ind1=" " ind2=" ">
    <subfield code="0">0</subfield>
    <subfield code="1">0</subfield>
    <subfield code="2">ddc</subfield>
    <subfield code="5">6</subfield>
    <subfield code="7">0</subfield>
    <subfield code="8">DS</subfield>
    <subfield code="a">BNPHU</subfield>
    <subfield code="b">GR</subfield>
    <subfield code="d">2017-10-12</subfield>
    <subfield code="e">Donado por Ministerio de Interior y Polic&#xED;a</subfield>
    <subfield code="l">0</subfield>
    <subfield code="o">R426p</subfield>
    <subfield code="p">2021-27409</subfield>
    <subfield code="r">2021-10-15</subfield>
    <subfield code="t">e.3</subfield>
    <subfield code="w">2021-10-15</subfield>
    <subfield code="y">LFDS</subfield>
  </datafield>
  <datafield tag="952" ind1=" " ind2=" ">
    <subfield code="0">0</subfield>
    <subfield code="1">0</subfield>
    <subfield code="2">ddc</subfield>
    <subfield code="5">6</subfield>
    <subfield code="7">0</subfield>
    <subfield code="8">DS</subfield>
    <subfield code="a">BNPHU</subfield>
    <subfield code="b">GR</subfield>
    <subfield code="c">HD</subfield>
    <subfield code="d">2017-10-12</subfield>
    <subfield code="e">Donado por Ministerio de Interior y Polic&#xED;a</subfield>
    <subfield code="l">0</subfield>
    <subfield code="o">R426p</subfield>
    <subfield code="p">2021-27410</subfield>
    <subfield code="r">2021-10-15</subfield>
    <subfield code="t">e.4</subfield>
    <subfield code="w">2021-10-15</subfield>
    <subfield code="y">LFDS</subfield>
  </datafield>
  <datafield tag="999" ind1=" " ind2=" ">
    <subfield code="c">50760</subfield>
    <subfield code="d">50760</subfield>
  </datafield>
</record>
